Aplicación de multimedios y software educativo a la enseñanza de la ingeniería
Gardado en:
| Autor Principal: | |
|---|---|
| Formato: | Libro |
| Publicado: |
[San José, Costa Rica] : Universidad de Costa Rica, Facultad de Ingeniería, Instituto de Investigaciones en Ingeniería, Escuela de Ingeniería Eléctrica
1997
|
| Etiquetas: |
Engadir etiqueta
Sen Etiquetas, Sexa o primeiro en etiquetar este rexistro!
|
MARC
| LEADER | 00000nam a2200000Ia 4500 | ||
|---|---|---|---|
| 003 | PI0094 | ||
| 005 | 20240425135716.0 | ||
| 008 | 140116s1997 c a 000 ||s d | ||
| 040 | |c cru CEDI | ||
| 090 | |a PI -94 | ||
| 100 | |a Solano Rojas, Wilberth Ezequiel |9 18147 | ||
| 245 | |a Aplicación de multimedios y software educativo a la enseñanza de la ingeniería | ||
| 260 | |a [San José, Costa Rica] : Universidad de Costa Rica, Facultad de Ingeniería, Instituto de Investigaciones en Ingeniería, Escuela de Ingeniería Eléctrica |c 1997 | ||
| 500 | |a Informe de Avance II ciclo 96. Manual para docentes. Proyecto 731-96-318 Informe Final setiembre 1997. Proyecto 731-96-318 | ||
| 942 | |c PI |h PI-94 |i PI0094 |6 PI_94_PI0094 | ||
| 999 | |c 13259 |d 13259 | ||
